| 000 | 00698nam a2200229 a 4500 | ||
|---|---|---|---|
| 999 |
_c7472 _d7472 |
||
| 001 | 7472 | ||
| 003 | BD-JhCC | ||
| 005 | 20190917134018.0 | ||
| 008 | b2003 bg |||| ||a| 000 0 ben d | ||
| 020 | _a9844017483 | ||
| 035 | _a(BD-JhCC) 7472 | ||
| 040 |
_aBD-JhCC _dBD-JhCC |
||
| 041 | _aben | ||
| 082 |
_a954.913 _bHOS 2003 |
||
| 100 | _aহোসেন, তোফাজ্জল | ||
| 245 |
_aকাশ্মীর : ইতিহাস কথা কয় / _c তোফাজ্জল হোসেন |
||
| 260 |
_aঢাকা : _bআগামী প্রকাশনী , _c2003 |
||
| 300 |
_a160 p .: _c22 cm . |
||
| 650 | _aJammu and kashmir | ||
| 942 |
_2ddc _cBK _04 |
||